Father Figure - Taylor Swift (All Lyrics) - Statistics

General Stats
  • This quiz has been taken 748 times
  • The average score is 288 of 344
Answer Stats
Lyrics % Correct
I
100%
father
99%
figure
99%
you,
99%
you
99%
"You
99%
You
99%
be
98%
my
98%
My
98%
the
98%
The
98%
your
98%
Your
98%
a
96%
with
96%
bigger
95%
I'll
95%
it
95%
me
95%
me"
95%
brown
94%
that
94%
That
94%
We
94%
devil
93%
devil,
93%
dick's
93%
drink
93%
liquor
92%
because
91%
deal
91%
family
91%
make
91%
to
91%
of
90%
protect
90%
was
90%
When
90%
deals
89%
Leave
89%
can
88%
were
88%
young,
88%
in
87%
saw
86%
remind
85%
younger
85%
you're
85%
know
84%
know,
84%
This
84%
this
84%
is
83%
found
81%
before
80%
drank
80%
potential
80%
Who
80%
made
79%
out
79%
up
79%
want
79%
for
78%
"They
77%
they
77%
and
76%
dear
76%
into
76%
turns
76%
got
75%
Just
75%
office
75%
On
75%
on
75%
You'll
75%
fishes
74%
place
74%
don't
73%
drowning
73%
fight,
73%
step
72%
Pulled
71%
pulled
71%
surrounded
71%
wrong
71%
like
70%
love
70%
loyalty
69%
trigger
69%
covered
68%
protégé
68%
pure
68%
scandals?
68%
all
67%
All
67%
profit
67%
sleeping
66%
belongs
65%
cancelled
64%
card
64%
empire
63%
used
63%
kindness
62%
weakness
62%
ask
61%
had
61%
Mistake
61%
sleeve
61%
find
60%
get
60%
Whose
60%
check
59%
portrait's
58%
tears
58%
see
56%
boy,
55%
chateau
55%
dreams
55%
lead
55%
mantle?
55%
rid
55%
ambition
54%
name
54%
pay
54%
Said,
54%
streets
54%
They'll
54%
cold
53%
dry
53%
kisses
52%
mahogany
52%
lost
51%
tricks
51%
turned
51%
gold
50%
grain
50%
showed
50%
fulfill
49%
decisions
48%
reign"
48%
leads
47%
misguided
47%
rise,
47%
visions
46%
road
45%
ignition
44%
sparked
44%
trade
44%
which
44%
foolish
43%
thoughtless
43%
Jag',
41%
rags
39%
winding
39%
wayward,
27%
No matching quizzes found
Score Distribution
Percent of People with Each Score
Percentile by Number Answered
Your Score History
You have not taken this quiz